Дитя с зеркалом. Книга Андрея. Ч. 2: пер. с исп.

Bibliographic Details
Main Author: Куатьэ А. де Анхель
Summary:Мудрость — двуликий Янус. Одно Ее лицо — знание, другое — опыт. Пережить духовный кризис — это значит получить опыт Мудрости. Опыт, после которого смерть перестает быть смертью. Жизнь рождается заново, а душа обретает силу. Смерть во имя рождения. Опыт переоценки всех ценностей. Крушение кумиров, гибель богов, утилизация иллюзий... Мы уходим, чтобы вернуться. Мы возвращаемся, чтобы быть навсегда. Таков опыт духовного кризиса, таков опыт Духа. Опыт, без которого Мудрость — лишь игра отражений, лишь иллюзия смысла, лишь пустая забава, «ДИТЯ С ЗЕРКАЛОМ». Свобода — это взгляд в лицо собственному страху!«Я гонялся за солнечным зайчиком, за каким-то слабым отблеском, лучиком... Я, окруженный со всех сторон ярким солнечным светом! Бездной Света!»
Language:Russian
Published: СПб., Нева, 2005
Subjects:
Format: MixedMaterials Book
KOHA link:https://koha.lib.tpu.ru/cgi-bin/koha/opac-detail.pl?biblionumber=111916

MARC

LEADER 00000nam0a2200000 4500
001 111916
005 20231031121036.0
010 |a 5765440843 
035 |a (RuTPU)RU\TPU\book\120879 
090 |a 111916 
100 |a 20070321d2005 m y0rusy50 ca 
101 1 |a rus  |c spa 
102 |a RU 
105 |a a z 000ay 
200 1 |a Дитя с зеркалом. Книга Андрея. Ч. 2  |e пер. с исп.  |f А. де Куатьэ 
210 |a СПб.  |c Нева  |d 2005 
215 |a 177 с.  |c ил. 
330 |a Мудрость — двуликий Янус. Одно Ее лицо — знание, другое — опыт. Пережить духовный кризис — это значит получить опыт Мудрости. Опыт, после которого смерть перестает быть смертью. Жизнь рождается заново, а душа обретает силу. Смерть во имя рождения. Опыт переоценки всех ценностей. Крушение кумиров, гибель богов, утилизация иллюзий... Мы уходим, чтобы вернуться. Мы возвращаемся, чтобы быть навсегда. Таков опыт духовного кризиса, таков опыт Духа. Опыт, без которого Мудрость — лишь игра отражений, лишь иллюзия смысла, лишь пустая забава, «ДИТЯ С ЗЕРКАЛОМ». Свобода — это взгляд в лицо собственному страху!«Я гонялся за солнечным зайчиком, за каким-то слабым отблеском, лучиком... Я, окруженный со всех сторон ярким солнечным светом! Бездной Света!» 
610 1 |a мексиканская литература 
610 1 |a проза 
610 1 |a мистика 
610 1 |a повести 
610 1 |a мораль 
675 |a 86  |v 3 
700 1 |a Куатьэ  |b А. де  |g Анхель 
801 1 |a RU  |b 63413507  |c 20070321  |g PSBO 
801 2 |a RU  |b 63413507  |c 20070404  |g PSBO 
942 |c BK